Superstition by Stevie Wonder - Lyrics - Statistics

General Stats
  • This quiz has been taken 513 times
    213 since last reset
  • The average score is 13 of 20
Answer Stats
Superstition % Correct
Writing's {on} {the} {wall}
96%
Very {superstitious}
95%
That you don't {understand}
86%
Ladder's 'bout {to} {fall}
85%
{Superstition} ain't the way
85%
Seven years of {bad} {luck}
84%
When you {believe} in things
83%
{Thirteen} month-old baby
78%
Then you {suffer}
69%
Do all that you {can}
65%
The good things in your {past}
64%
Broke the {lookin'} {glass}
56%
Nothin' more {to} {say}
56%
The {devil}'s on his way
56%
Wash your {face} {and} {hands}
51%
Keep me goin' {strong}
50%
Sad is my {song}
47%
Rid me of the {problem}
40%
Keep me in a {daydream}
34%
You don't wanna {save} {me}
33%
No matching quizzes found
Score Distribution
Percent of People with Each Score
Percentile by Number Answered
Your Score History
You have not taken this quiz since the last reset